[Event "Vancouver Open"]
[Site "Chess.com"]
[Date "2020.07.25"]
[Round "3"]
[White "Gottumukkala, Ananth"]
[Black "Bagchi, Sounak"]
[Result "1/2-1/2"]
[WhiteElo "1785"]
[BlackElo "1995"]
[Annotator "Aleksandr Lenderman"]
[PlyCount "70"]
[EventDate "2020.??.??"]
[SourceVersionDate "2020.06.27"]
[TimeControl "4500+10"]

{This is a game of another one of my students who is rated around 2000, Sounak
Bagchi. Here in round 3, he's playing against a tough young player slightly
below 1800, but he is dangerous since he beat Eshan very convincingly in the
first round and in an earlier tournament beat FM Nick Raptis. He gave me a
very good battle in the Seafair Open where if he played one more accurate move
at some point he could've more or less secured a draw.} 1. e4 e5 2. Nf3 Nc6 3.
Bc4 Bc5 4. c3 Nf6 5. d4 exd4 6. e5 d5 7. Bb5 {This line has become fashionable
lately.} Ne4 8. cxd4 Bb6 {The right way of playing.} (8... Bb4+ $6 9. Bd2) 9.
Nc3 O-O 10. Be3 Nxc3 (10... Bg4 {Is another possibility.}) 11. bxc3 Bf5 (11...
f6 {Here black should probably play f6 right away.}) 12. O-O f6 13. exf6 Qxf6
14. Be2 (14. Bg5 Qg6 15. Qd2 $14 {Might be a slightly better option.}) 14... h6
(14... Rae8) 15. a4 Rae8 16. Qb3 Be6 {Slightly passive.} (16... Qd6 {In order
to play Be4 in some cases.}) 17. Bb5 (17. Rae1) 17... Na5 18. Qb4 c6 19. Bd3
Nc4 $5 {An ambitious move.} (19... Bf5 20. Bxf5 Qxf5 21. Ne5 Bc7 22. f4 b6 {
Was very solid for black.}) 20. a5 Bc7 (20... Bd8 {Was interesting to not lose
a tempo.}) (20... Bh3 $5 {Was also possible but probably white can make a draw
if he wants.} 21. axb6 Bxg2 22. Kxg2 Qxf3+ 23. Kg1 Qg4+ (23... Nxe3 24. fxe3
Qxe3+ 25. Kg2 Qxd3 26. Rxf8+ Rxf8 27. bxa7 {Here black has nothing better than
a draw.}) 24. Kh1 Qf3+) 21. Bxc4 dxc4 22. Qxb7 Bd6 $6 {This move is strange
since it loses a tempo.} (22... Bb8) (22... Re7 23. Qxc6 Qf7 $44) 23. Qxc6 Rd8
24. Ne5 {Now white is in control but Sounak fights strong.} Bxe5 25. dxe5 Qf5
26. Rad1 Rd3 27. Rxd3 (27. Bd4 {Is probably much better for white.}) 27... cxd3
28. Qd6 Rf7 29. Bxa7 $6 {A little bit too greedy.} (29. f4 $16) 29... Rd7 $2 (
29... d2 $1 {This is the strongest.} 30. Be3 (30. Qxd2 Rxa7) 30... Rd7 31. Qb8+
Kh7 32. Bd4 Qc2 33. Qb1 Bb3 $17 {black wins a rook but white is still in the
game thanks to his amount of passed pawns creating counterplay.}) 30. Qb8+ Kh7
31. Bd4 Bd5 32. Qb2 (32. e6 {This was the best chance for white to continue
the game.}) 32... Bxg2 {Forcing a draw, probably rightfully so, since
otherwise he's just worse down a few pawns.} 33. Kxg2 Qg4+ 34. Kh1 Qf3+ 35. Kg1
Qg4+ {Game drawn by agreement. A very interesting fight.} (35... Rf7 {Black
could've considered delaying taking the draw and asking a few questions, but
if white plays precisely it should still be a draw.} 36. h3 (36. Re1) 36... Rf5
37. Be3 Rh5 38. Qd2 Qxh3 39. f3 $11) 1/2-1/2

[Event "Vancouver Open"]
[Site "Chess.com"]
[Date "2020.07.25"]
[Round "1"]
[White "Bagchi, Sounak"]
[Black "Devadithya, Lavindu"]
[Result "1-0"]
[WhiteElo "1995"]
[BlackElo "1535"]
[Annotator "Aleksandr Lenderman"]
[PlyCount "75"]
[EventDate "2020.??.??"]
[SourceVersionDate "2020.06.27"]
[TimeControl "4500+10"]

{This is Sounak's round 1 win. Even though he's playing a lower-rated, I
thought it was a nice win.} 1. e4 c5 2. Nf3 d6 3. d4 cxd4 4. Qxd4 {Sounak's
pet line.} a6 5. Be2 Nc6 6. Qe3 Nf6 7. c4 g6 8. Nc3 Bg7 9. h3 Nd7 10. O-O O-O
11. Rd1 {White gets a nice Maroczy Bind structure.} Nde5 $6 (11... Nc5 {
Was probably better.}) 12. Rb1 (12. Nxe5 Nxe5 13. c5 {Was probably stronger.})
12... Bd7 (12... Nxf3+ 13. Bxf3 e5 {Was interesting, fighting for the d4
square.}) 13. Nxe5 $6 {Here I don't like this move since it's one move too
late and now black can take with the pawn and control the d4 square.} Bxe5 $6 (
13... dxe5 $1 {Was fine for black.}) 14. b3 (14. b4 $5) 14... Na7 $6 {Too
passive.} (14... Qa5) 15. f4 Bg7 16. Bb2 b5 17. Nd5 (17. c5) (17. e5) 17... Nc8
18. Bxg7 Kxg7 19. Qc3+ (19. c5 {This is probably better right away.}) 19... Kg8
(19... f6 20. c5) 20. c5 dxc5 21. Qxc5 e6 22. Nb4 $6 (22. Nc7 Ra7 23. Rbc1 {
Was even stronger since here black cannot move his pieces.}) 22... Qb6 23. Qxb6
Nxb6 24. Rd6 a5 25. Nd3 (25. Nc6) 25... Rfb8 26. Ne5 Be8 27. f5 exf5 28. exf5
Nc8 29. Rd4 Ne7 30. fxg6 fxg6 31. Bg4 Nc6 $6 {White played imprecisely and
lost his advantage, and now black could've equalized with...} (31... Rd8 32.
Rbd1 Rxd4 33. Rxd4 a4 $11) 32. Nxc6 Bxc6 33. Rc1 $1 {Seizing the initiative
now.} Be8 34. Rc7 Rd8 $2 {Missing white's idea and loses on the spot.} (34...
Ra6 {Here white is better but black is still in the game.}) 35. Be6+ Kh8 36.
Rf4 $1 {Now it is all over. Black's pieces are uncoordinated and black cannot
defend against mate without losing lots of material.} Rd1+ 37. Kh2 Bc6 38. Rff7
{DampFalcon won by resignation. A nice start by Sounak, demonstrating good
opening preparation and tactical alertness.} 1-0

[Event "Seattle Classic Scholastic (K6 Open 2D)"]
[Site "Chess.com"]
[Date "2020.08.02"]
[Round "4"]
[White "Wang, Ted"]
[Black "O'Brien, Hansol"]
[Result "1-0"]
[WhiteElo "1529"]
[BlackElo "1349"]
[Annotator "Ralph Dubisch"]
[PlyCount "91"]
[EventDate "2020.??.??"]
[SourceVersionDate "2020.06.27"]

1. e4 e5 2. Nf3 Nc6 3. Bc4 Bc5 4. c3 Nf6 5. d4 exd4 6. cxd4 Bb4+ 7. Bd2 Bxd2+
8. Nbxd2 d5 9. exd5 Nxd5 10. Qb3 Nce7 11. O-O O-O 12. Rfe1 c6 13. a4 a5 14. Ne5
Ra7 15. Ne4 b6 16. Nxc6 $6 (16. Rac1 $14) 16... Nxc6 17. Bxd5 Nxd4 18. Qc4 Nf5
(18... Rd7 $1 $15) 19. Rad1 Qc7 20. Qb3 Ne7 21. Bxf7+ $1 $16 Rxf7 $2 (21... Kh8
{struggles on.}) 22. Ng5 Ng6 23. Nxf7 Qxf7 24. Re8+ Nf8 25. Rdd8 $1 {#diagram,
perhaps?} g6 26. Rxf8+ Kg7 27. Rxf7+ Rxf7 28. Qxf7+ Kxf7 29. Rxc8 h5 30. Rc6 g5
31. Rxb6 g4 32. Rb5 g3 33. Rxh5 gxf2+ 34. Kxf2 Ke7 35. Ke3 Ke6 36. Ke4 Kd6 37.
Re5 Kc6 38. Rd5 Kb6 39. Kd4 Ka6 40. Kc5 Ka7 41. Rd6 Kb7 42. Rc6 Ka7 43. Rb6 Ka8
44. Kc6 Ka7 45. Kc7 Ka8 46. Ra6# 1-0

[Event "Seattle Classic Scholastic (4-12 Open)"]
[Site "Chess.com"]
[Date "2020.08.01"]
[Round "4"]
[White "Deng, Lily"]
[Black "Cheng, Edward"]
[Result "1-0"]
[WhiteElo "1432"]
[BlackElo "1526"]
[Annotator "Ralph Dubisch"]
[PlyCount "67"]
[EventDate "2020.??.??"]
[SourceVersionDate "2020.06.27"]

1. e4 d6 2. Nf3 Nf6 3. Nc3 g6 4. Bc4 Bg7 5. h3 O-O 6. O-O e5 7. d3 Nc6 8. Be3
Kh8 9. Qd2 Nh5 10. Rfe1 f5 11. exf5 gxf5 (11... Bxf5 12. g4 $6 Bd7 $15) 12. Bg5
Qe8 13. Nd5 Qd7 14. c3 Na5 15. Be7 Nxc4 16. dxc4 Rf7 17. Qg5 Nf4 18. Nxf4 exf4
$2 (18... Rxe7 $14) 19. Rad1 b6 20. Ne5 dxe5 21. Rxd7 Bxd7 22. Bd8 c5 23. Bc7
Re8 24. b4 Bc6 25. Bd6 Be4 26. Qh5 Rfe7 27. Bxe7 Rxe7 28. Rd1 h6 29. Rd8+ Kh7
30. Rd6 Kg8 31. Qg6 Rf7 32. Rd8+ Rf8 33. Rd7 Rf6 34. Qxg7# 1-0

[Event "Seattle Classic Scholastic (1-3 Open)"]
[Site "Chess.com"]
[Date "2020.08.01"]
[Round "2"]
[White "Arul, Sharvesh"]
[Black "Xu, Owen"]
[Result "0-1"]
[WhiteElo "1342"]
[BlackElo "1524"]
[Annotator "Ralph Dubisch"]
[PlyCount "94"]
[EventDate "2020.??.??"]
[SourceVersionDate "2020.06.27"]

1. e4 e5 2. Nf3 Nc6 3. Bc4 Nf6 4. Nc3 Nxe4 5. Nxe4 d5 6. Bd3 dxe4 7. Bxe4 Bd6
8. O-O O-O 9. d3 Bg4 10. c3 Kh8 11. h3 Bh5 12. Be3 (12. g4 Bg6 13. Be3) 12...
Re8 (12... f5 $17) 13. g4 Bg6 14. Bxg6 fxg6 15. d4 e4 16. Nd2 Qh4 17. Kg2 g5
18. f4 $2 exf3+ (18... gxf4 19. Bxf4 Bxf4 20. Rxf4 e3 21. Nc4 e2 22. Qe1 Qd8)
19. Rxf3 Rf8 20. Bf2 (20. Ne4) 20... Qh6 21. Qe2 Rae8 22. Rxf8+ Rxf8 23. Nf3
Qf6 24. Re1 Qf4 25. a3 h5 26. gxh5 $2 (26. Qe4 $14) 26... g4 27. hxg4 Qxg4+ 28.
Kf1 Qxf3 29. Qd2 Bg3 30. h6 Qxf2+ 31. Qxf2 Bxf2 32. hxg7+ Kxg7 33. Re2 Bxd4+
34. Ke1 Bf6 35. Rg2+ Kh6 36. Rh2+ Kg5 37. Rg2+ Kh4 38. Rh2+ Kg3 39. Rf2 Bxc3+
40. Rd2 Bxd2+ 41. Kxd2 Rf2+ 42. Kc3 Kf3 43. Kb3 Ke3 44. Kc3 Rd2 45. Kb3 Nd4+
46. Kc3 a5 47. b4 Rc2# 0-1